000 00754nas a2200241 454500
001 39394
005 20260407193510.0
008 260407s1983####ag###########|||spa#d
003 AR-UNSa-BCEJYS
040 _aAR-UNSa-BCEJYS
_bspa
_cAR-UNSa-BCEJYS
080 _a34
_xDerecho
245 1 0 _aCrítica jurídica
_pRevista latinoamericana de política, filosofía y derecho
022 _a0188-3968
264 1 _aMéxico :
_bCrítica Jurídica A.C.
_c1983
310 _aFrecuencia: Semestral
041 _aspa
942 _cSER
590 _aniveau_biblio:s niveau_hierar:1
100 1 _aCorreas, Oscar
650 _aDerecho
650 _aJURISPRUDENCIA
856 4 1 _uhttps://biblioeco.unsa.edu.ar/pmb/images/revistas/R20331.jpg
_yImagen de portada
_qimage/jpeg
999 _c8838
_d8838